[Event "HUN-chT2 Szechenyi 0809"]
[Site "Hungary"]
[Date "2009.04.19"]
[Round "11.11"]
[White "Markus, Eszter"]
[Black "Kiss, Balint"]
[Result "0-1"]
[WhiteElo "1442"]
[BlackElo "1491"]
[PlyCount "64"]
[EventDate "2008.10.26"]
[EventType "team-tourn"]
[EventRounds "11"]
[EventCountry "HUN"]
[SourceTitle "EXT 2010"]
[Source "ChessBase"]
[SourceDate "2010.11.25"]
[SourceVersion "1"]
[SourceVersionDate "2010.11.25"]
[SourceQuality "1"]
[WhiteTeam "Lovo"]
[BlackTeam "Arboretum"]
[WhiteTeamCountry "HUN"]
[BlackTeamCountry "HUN"]

1. e4 e5 2. Nf3 Nc6 3. d4 exd4 4. Nxd4 Bc5 5. Be3 Qf6 6. c3 Nge7 7. Bc4 0-0 8. 0-0 Bb6 9. f4 d6 10. f5 Ne5 11. Be2 d5 12. Bd3 Rd8 13. Qd2 h6 14. b3 dxe4 15. Bxe4 c5 16. Rf4 cxd4 17. cxd4 N5c6 18. Rg4 Bxd4 19. Bxd4 Nxd4 20. Qe3 Ne2+ 21. Qxe2 Qxa1 22. Qe3 Nxf5 23. Qf4 Rd1+ 24. Kf2 Rxb1 25. Bxb1 Qxb1 26. Qc4 Nd6 27. Rxg7+ Kxg7 28. Qd4+ Kh7 29. Qxd6 Qc2+ 30. Kg1 Bg4 31. Qf6 Qc5+ 32. Kf1 Qf5+ 0-1

[Event "HUN-chT2 Szechenyi 0809"]
[Site "Hungary"]
[Date "2009.01.11"]
[Round "5.12"]
[White "Egresi, Mate"]
[Black "Markus, Eszter"]
[Result "1-0"]
[WhiteElo "1742"]
[BlackElo "1442"]
[PlyCount "87"]
[EventDate "2008.10.26"]
[EventType "team-tourn"]
[EventRounds "11"]
[EventCountry "HUN"]
[SourceTitle "EXT 2010"]
[Source "ChessBase"]
[SourceDate "2010.11.25"]
[SourceVersion "1"]
[SourceVersionDate "2010.11.25"]
[SourceQuality "1"]
[WhiteTeam "Ajka Banyasz"]
[BlackTeam "Lovo"]
[WhiteTeamCountry "HUN"]
[BlackTeamCountry "HUN"]

1. d4 d5 2. c4 dxc4 3. e3 Be6 4. Nc3 Nf6 5. Nf3 a6 6. Ng5 Qd6 7. e4 Qb6 8. d5 Ng4 9. Qc2 Bd7 10. Bxc4 Qd4 11. Bb3 f5 12. Nf3 Qf6 13. h3 Ne5 14. Nxe5 Qxe5 15. f4 Qf6 16. e5 Qh4+ 17. Qf2 Qxf2+ 18. Kxf2 c6 19. e6 Bc8 20. Na4 Kd8 21. Be3 b5 22. Nb6 Bb7 23. Nxa8 Bxa8 24. Rhd1 Kc7 25. Rac1 g6 26. Bc5 a5 27. a4 b4 28. dxc6 Bxc6 29. Bd4 Rg8 30. Be5+ Kb7 31. Bxb8 g5 32. Bd5 Bxd5 33. Rxd5 Kxb8 34. Rb5+ Ka7 35. Rxa5+ Kb6 36. Rb5+ Ka6 37. Rc8 Ka7 38. Rxf5 Rg6 39. Rfxf8 Rxe6 40. fxg5 Rd6 41. Ra8+ Kb7 42. Rfb8+ Kc7 43. Rxb4 e5 44. Ke3 1-0

[Event "HUN-chT2 Szechenyi 0809"]
[Site "Hungary"]
[Date "2008.12.21"]
[Round "4.12"]
[White "Markus, Eszter"]
[Black "Ruszin, Borbala"]
[Result "0-1"]
[WhiteElo "1442"]
[BlackElo "1505"]
[PlyCount "52"]
[EventDate "2008.10.26"]
[EventType "team-tourn"]
[EventRounds "11"]
[EventCountry "HUN"]
[SourceTitle "EXT 2010"]
[Source "ChessBase"]
[SourceDate "2010.11.25"]
[SourceVersion "1"]
[SourceVersionDate "2010.11.25"]
[SourceQuality "1"]
[WhiteTeam "Lovo"]
[BlackTeam "Zala Volan"]
[WhiteTeamCountry "HUN"]
[BlackTeamCountry "HUN"]

1. e4 d5 2. exd5 Qxd5 3. Nc3 Qa5 4. d4 Nf6 5. Bd2 Qb6 6. Bf4 Qxb2 7. Nge2 Bf5 8. Rc1 c6 9. Qd2 e6 10. Kd1 Bb4 11. Rb1 Qxb1+ 12. Nxb1 Bxd2 13. Nxd2 Nbd7 14. Nc3 0-0 15. f3 Rac8 16. g4 Bg6 17. h4 h5 18. Be2 Nd5 19. Nxd5 cxd5 20. c4 Nb6 21. c5 Na4 22. Bf1 Nc3+ 23. Kc1 Nxa2+ 24. Kd1 b6 25. Bd6 Rfe8 26. Bb5 Nc3+ 0-1